000 00426nam a2200133Ia 4500
008 100328s9999 xx 000 0 und d
082 _b17809
100 _aअश्क उपेन्द्रनाथ
245 _aवासना के स्वर
260 _bमदन हाफ-टोन कं.
630 _aवासना के स्वर
730 _aवासना के स्वर
942 _cBOOK
999 _c512300
_d512297